Ojeada Histórico-Crítica sobre la poesía ecuatoriana (Record no. 157530)

MARC details
000 -LEADER
campo de control de longitud fija 00732nam a2200193 i 4500
001 - NÚMERO DE CONTROL
campo de control 157530
003 - IDENTIFICADOR DE NÚMERO DE CONTROL
campo de control ES-MaACL
005 - FECHA Y HORA DE LA ÚLTIMA TRANSACCIÓN
campo de control 20240415133202.0
008 - DATOS DE LONGITUD FIJA--INFORMACIÓN GENERAL
campo de control de longitud fija 990305s1893 sp |||| | spa d
040 ## - FUENTE DE CATALOGACIÓN
Centro catalogador/agencia de origen CCPB | B
Lengua de catalogación spa
Centro/agencia transcriptor CCPB | B
100 1# - ENTRADA PRINCIPAL--NOMBRE DE PERSONA
Nombre de persona Mera, Juan León.
9 (RLIN) 80401
245 10 - MENCIÓN DEL TÍTULO
Título Ojeada Histórico-Crítica sobre la poesía ecuatoriana
Resto del título : desde su época más remota hasta nuestros dias /
Mención de responsabilidad, etc. por Juan León Mera.
250 ## - MENCION DE EDICION
Mención de edición 2ª ed., seguida de nuevos apéndices.
260 ## - PUBLICACIÓN, DISTRIBUCIÓN, ETC.
Lugar de publicación, distribución, etc. Barcelona :
Nombre del editor, distribuidor, etc. [s.n.],
Fecha de publicación, distribución, etc. 1893 (
Fabricante Imprenta y Litografía de José Cunill Sala)
300 ## - DESCRIPCIÓN FÍSICA
Extensión X, 11-633 p. ;
Dimensiones 22 cm.
650 #7 - PUNTO DE ACCESO ADICIONAL DE MATERIA--TÉRMINO DE MATERIA
Término de materia o nombre geográfico como elemento de entrada Poesía ecuatoriana-
Subdivisión cronológica s.XIX
Fuente del encabezamiento o término
9 (RLIN) 164323
852 ## - LOCALIZACIÓN
Ubicación ES-MaACL
Número de control de estantería G-7122
Nota libre -- Enc. tela
Holdings
Estatus retirado Estado de pérdida Estado de daño No para préstamo Colección Biblioteca de origen Biblioteca actual Ubicación en estantería Fecha de adquisición Fuente de adquisición Total de préstamos Signatura topográfica completa Código de barras Visto por última vez Precio de reemplazo Tipo de ítem Koha
        Libros del s. XIX Biblioteca del Ateneo de Madrid Biblioteca del Ateneo de Madrid Depósito 2 17/01/2008     G-7122 1164849 23/02/2023 23/02/2023 Libro impreso antiguo